| 000 | 00438nam a2200169Ia 4500 | ||
|---|---|---|---|
| 008 | 151213s9999 xx 000 0 und d | ||
| 020 | _a81-7118-018-3 | ||
| 100 | _aHarshendu S. Phathak | ||
| 245 |
_aThe Indian Contract Act _cHarshendu S. Phathak |
||
| 250 | _a11th | ||
| 260 |
_aNew Delhi _bN.M. Tripathi Private Ltd. _c1990 |
||
| 300 | _a5148 p. | ||
| 650 | _aLaw | ||
| 650 | _aLaw | ||
| 700 | _aHarshendu S. Phathak | ||
| 999 |
_c3176 _d3176 |
||